Pocahontas / (Record no. 4857)
[ view plain ]
| 000 -LEADER | |
|---|---|
| fixed length control field | 01110nam a22002897a 4500 |
| 001 - CONTROL NUMBER | |
| control field | 4857 |
| 003 - CONTROL NUMBER IDENTIFIER | |
| control field | FISKH |
| 005 - DATE AND TIME OF LATEST TRANSACTION | |
| control field | 20241018094507.0 |
| 008 - FIXED-LENGTH DATA ELEMENTS--GENERAL INFORMATION | |
| fixed length control field | 241018b cb ||||| |||| 00| 0 eng d |
| 020 ## - INTERNATIONAL STANDARD BOOK NUMBER | |
| International Standard Book Number | 9780194789165 |
| 040 ## - CATALOGING SOURCE | |
| Original cataloging agency | FISKH |
| Language of cataloging | eng |
| Transcribing agency | FISKH |
| Modifying agency | FISKH |
| 050 ## - LIBRARY OF CONGRESS CALL NUMBER | |
| Classification number | PE1126.A4 |
| 082 ## - DEWEY DECIMAL CLASSIFICATION NUMBER | |
| Classification number | 428 |
| 100 ## - MAIN ENTRY--PERSONAL NAME | |
| Personal name | Vicary, Tim |
| 245 ## - TITLE STATEMENT | |
| Title | Pocahontas / |
| Statement of responsibility, etc. | by Tim Vicary |
| 260 ## - PUBLICATION, DISTRIBUTION, ETC. | |
| Place of publication, distribution, etc. | New York : |
| Name of publisher, distributor, etc. | Oxford University Press ; |
| Date of publication, distribution, etc. | 1998 . |
| 300 ## - PHYSICAL DESCRIPTION | |
| Extent | 56 pages : |
| Other physical details | illustrations ; |
| Dimensions | 21 cm . |
| 490 ## - SERIES STATEMENT | |
| Series statement | Oxford Bookworms |
| Volume/sequential designation | Stage 1 |
| 505 ## - FORMATTED CONTENTS NOTE | |
| Formatted contents note | J <br/> |
| 520 ## - SUMMARY, ETC. | |
| Summary, etc. | A beautiful young Indian girl, and a brave Englishman. Black eyes, and blue eyes. A friendly smile, a laugh, a look of love... But this is North America in 1607, and love is not easy. The girl is the daughter of King Powhatan, and the Englishman is a white man. This is the famous story of Pocahontas, and her love for the Englishman John Smith. |
| 521 8# - TARGET AUDIENCE NOTE | |
| Target audience note | 470 <br/> |
| Source | Lexile <br/> |
| 521 8# - TARGET AUDIENCE NOTE | |
| Target audience note | J <br/> |
| Source | Raz-Plus <br/> |
| 650 ## - SUBJECT ADDED ENTRY--TOPICAL TERM | |
| Topical term or geographic name entry element | adventure |
| Form subdivision | non-fiction |
| 700 ## - ADDED ENTRY--PERSONAL NAME | |
| Personal name | Sperling, Thomas |
| Relator term | illustrator |
| 942 ## - ADDED ENTRY ELEMENTS (KOHA) | |
| Source of classification or shelving scheme | Dewey Decimal Classification |
| Koha item type | Books |
| Suppress in OPAC | No |
| Withdrawn status | Lost status | Source of classification or shelving scheme | Damaged status | Not for loan | Collection | Home library | Current library | Shelving location | Date acquired | Total Checkouts | Full call number | Barcode | Date last seen | Price effective from | Koha item type |
|---|---|---|---|---|---|---|---|---|---|---|---|---|---|---|---|
| Dewey Decimal Classification | Fiction | Footprints International School Library Network Toul Kork Campus | Footprints International School Library Network Toul Kork Campus | TTP Primary Dark Blue Bookshelves | 10/18/2024 | VIC 428 PE1126.A4 | FIS00313 | 10/18/2024 | 10/18/2024 | Books |
